000 00700nam a22001817a 4500
005 20251108165425.0
008 250721s1999 xx 000 0 ara d
082 1 4 _aم/214/قيم
100 1 _aإبن القيم الجوزيه، شمس الدين أبو عبد الله
245 1 0 _aمدارج السالكين بين منازل اياك نعبد و إياك نستعين /
250 _aطبعة جديدة مصححة و مدققة
264 1 _aبيروت :
_bمؤسسة التاريخ العربي،دار إحياء التراث العربي،
_c1999.
300 _a
650 1 7 _aالعقيدة الإسلاميه
650 1 7 _aالتوحيد
942 _2ddc
_cREF
999 _c27569
_d27569